Munkahelyi Belső Képzések Vizsgálata

Bibliographic Details
Main Author: Nagy Patrik
Other Authors: Benkei-Kovács Dr. Balázs
Format: Thesis
Kulcsszavak:coaching
felnőttképzés
munkaerő képzés
szervezetek
tréning
Online Access:http://dolgozattar.uni-bge.hu/60044

MARC

LEADER 00000nta a2200000 i 4500
001 dolg60044
005 20260409145919.0
008 260409suuuu hu om 000 hun d
040 |a BGE Dolgozattár Repozitórium  |b hun 
041 |a hu 
100 1 |a Nagy Patrik 
245 1 0 |a Munkahelyi Belső Képzések Vizsgálata  |c Nagy Patrik  |h [elektronikus dokumentum] 
520 3 |a A szakdolgozatom a munkahelyi belső képzések témakörével foglalkozik. A szakirodalmi áttekintés keretében többek között vizsgálja a képzési módszereket, típusokat. Betekintést nyújt a mesterséges intelligencia jelenlegi és jövőbeli szerepére az oktatás területén. Mindemellett, foglalkozik a Coaching, a tréning és a vezetőképzés témaköreivel is. A kutatási rész a munkavállalók belső képzésekkel kapcsolatos igényeit, elvárásait tárja fel, továbbá információkat jelenít meg az általuk elvégzett képzésekhez kötődően. Emellett, azt vizsgálja, hogy a munkavállalók mennyire támogatják a munkáltatók által alkalmazott képzési módszereket, illetve mennyire nyitottak fejlesztési lehetőségekre. Kiemelten foglalkozik az E-learning jelenségével, illetve a mesterséges intelligencia oktatási folyamatokba történő bevonásával, mindezeknek munkavállalói megítélésével. A szakdolgozat összefoglalja a munkahelyi képzések jelenlegi helyzetét, és felmérést végez a fejlesztési lehetőségekkel kapcsolatosan. 
695 |a coaching 
695 |a felnőttképzés 
695 |a munkaerő képzés 
695 |a szervezetek 
695 |a tréning 
700 1 |a Benkei-Kovács Dr. Balázs  |e ths 
856 4 0 |u http://dolgozattar.uni-bge.hu/60044/1/Nagy%20Patrik_Szakdolgozat.pdf  |z Dokumentum-elérés 
856 4 0 |u http://dolgozattar.uni-bge.hu/60044/2/BKB_Nagy%20Patrik_KSZ%20%C3%A9s%20MH%20b%C3%ADr%C3%A1lati%20lap%202025.pdf  |z Dokumentum-elérés 
856 4 0 |u http://dolgozattar.uni-bge.hu/60044/3/Szakdolgozati%20b%C3%ADr%C3%A1lati%20lap%202025_Nagy_Patrik.pdf  |z Dokumentum-elérés